| 000 | 00477nam a22001217a 4500 | ||
|---|---|---|---|
| 999 |
_c21477 _d21477 |
||
| 008 | 240911b ||||| |||| 00| 0 eng d | ||
| 100 |
_aAntonio, Revelyn T. _eauthor. _960622 |
||
| 245 |
_aCritical development periods of children : _ba closer look / _cRevelyn T. Antonio. |
||
| 260 |
_aPhilippines; _bPublishers Association of the Philippines, Inc., _cNovember 2019. |
||
| 300 | _aVolume 168, pages 212-213. | ||
| 700 |
_aAntonio, Revelyn T. _eauthor. _960622 |
||
| 942 |
_2ddc _cPER |
||